00329nam a2200145Ia 45000030006000000080041000060400015000471000027000622450014000892500006001032600037001093000006001465460014001520050017001660STCL150530s9999 xx 000 0 und d aSTCLcSTCL aSatheesh Kacherikadavu aTharavadu a1 bC I C C Book House ; Kochic2005 a0 aMalayalam20220125171559.0